Seminario de investigación/ (Record no. 3105)

MARC details
000 -LEADER
campo de control de longitud fija 00556nam a22001697a 4500
003 - IDENTIFICADOR DE NÚMERO DE CONTROL
campo de control OSt
005 - FECHA Y HORA DE LA ÚLTIMA TRANSACCIÓN
campo de control 20230301131604.0
008 - DATOS DE LONGITUD FIJA--INFORMACIÓN GENERAL
campo de control de longitud fija 190522b xxu||||| |||| 00| 0 eng d
040 ## - FUENTE DE CATALOGACIÓN
Centro/agencia transcriptor lado v
082 ## - NÚMERO DE LA CLASIFICACIÓN DECIMAL DEWEY
Número de clasificación 779
Número de ítem L864s
100 ## - ENTRADA PRINCIPAL--NOMBRE DE PERSONA
Nombre de persona Lopez, Mario Alberto
9 (RLIN) 770
Término indicativo de función/relación autor
245 ## - MENCIÓN DEL TÍTULO
Título Seminario de investigación/
Resto del título Sedimento - Una investigación que nace a partir de una fotografía//
260 ## - PUBLICACIÓN, DISTRIBUCIÓN, ETC.
Lugar de publicación, distribución, etc. Guatemala
Nombre del editor, distribuidor, etc. Yaxs
Fecha de publicación, distribución, etc. 2017
300 ## - DESCRIPCIÓN FÍSICA
Extensión 12p.
Otras características físicas trae dos afiches
Dimensiones 13x20cm
700 ## - ENTRADA AGREGADA--NOMBRE PERSONAL
Nombre de persona De Leon, Jorge
Término indicativo de función/relación autor
942 ## - ELEMENTOS DE ENTRADA SECUNDARIOS (KOHA)
Fuente del sistema de clasificación o colocación Clasificación Decimal Dewey
Tipo de ítem Koha Libros
Parte de la signatura que corresponde a la clasificación (Parte de la clasificación) 779
Parte de la signatura que identifica el ejemplar (Parte del ítem) L865s
Suprimir en OPAC No
Holdings
Estatus retirado Estado de pérdida Fuente del sistema de clasificación o colocación Estado de daño No para préstamo Colección Biblioteca de origen Biblioteca actual Fecha de adquisición Número de inventario Total de préstamos Signatura topográfica completa Código de barras Visto por última vez Precio de reemplazo Tipo de ítem Koha
    Clasificación Decimal Dewey     Colección Especial Biblioteca LadoV Biblioteca LadoV 01/03/2023 003006   779 L864s 003006 01/03/2023 01/03/2023 Libros